000 00342 a2200157 4500
001 152744
040 _cEscola São Tomás de Aquino
100 _aTIMÓTEO, Vanderlei
240 1 0 _aPoesia de gente grande
_lpor
245 1 0 _aPoesia de gente grande
300 _a47
362 0 _a1999
440 1 _aRHJ
697 _aPoesia
942 _cBK
999 _c152744
_d152744